Čisté vody
| Hlavný autor: | |
|---|---|
| Médium: | Článok |
| Jazyk: | Slovak |
| Témy: | |
| Zdroj: |
1. Slovenská Republika 1. Roč. 6, č. 240(1998), dát. 1017, s. 2 |
| LEADER | 00750nab#a2200313#ar4500 | ||
|---|---|---|---|
| 001 | 000030813 | ||
| 003 | SVKKK | ||
| 005 | 00000000000000.0 | ||
| 008 | c xo e sloo | ||
| FMT | |||
| 038 | |a SVKKK | ||
| 040 | |a SVKKK |b slo |e AACR2 | ||
| 041 | 0 | |a slo | |
| 044 | |a xo |c SK | ||
| 080 | |a 502. |2 1981 | ||
| 080 | |a 797.21 |2 1981 | ||
| 100 | 0 | |a (for) |4 aut | |
| 245 | 1 | 0 | |a Čisté vody |c (for) , |
| 650 | 0 | 4 | |a akcia potápačská |x čistenie plies |z Vysoké Tatry |x informácie |
| 650 | 0 | 4 | |a Čisté vody |
| 773 | 0 | |t Slovenská Republika |g Roč. 6, č. 240(1998), dát. 1017, s. 2 | |
| 957 | |a Vysoké Tatry | ||
| 958 | |a PP | ||
| 958 | |a TY | ||
| 974 | |d 990304 |a SAB | ||
| 992 | |a RBX | ||
| BAS | |||
| 852 | |a SVKKK |b BIB | ||
| 998 | |a REG | ||